000 00592nam a2200205Ia 4500
005 20250508152559.0
008 008 250505s9999 xx 000 0 eng d
037 _aTextBook
040 _aFEDL
_beng
_cFEDL
041 _aeng
_2eng
084 _a371.2, MUK
_qFEDL
100 _aMukerji S N
245 0 _aSecondary school administration : Its principles and functions in India
260 _aBaroda, India
_bAcharya Book Depot
_c1959
300 _axi,348p
365 _aINR
_b10
650 _aSchool Administration
942 _cTB
_h371.2, MUK
999 _c1337391
_d1337391